| 000 | 00768nam a22002297a 4500 | ||
|---|---|---|---|
| 005 | 20100821105358.0 | ||
| 010 | _aENG-101212 | ||
| 020 |
_c30.00 _a9788189524470 |
||
| 035 | _aEN-84745 | ||
| 037 | _bDBAD/PUB | ||
| 082 | _a808.803556 | ||
| 100 |
_aPhilpott, Daniel _916923 |
||
| 245 |
_aIn defence of self-determination / _cby Daniel Philpott |
||
| 260 |
_aNew Delhi _bCritical Quest _c2009 |
||
| 270 |
_a420, G-Block, Phase VI Aya Nagar _bNew Delhi _e110047 |
||
| 300 |
_a40 p. _c22cm (Pbk) |
||
| 650 |
_aSocial Issves _916924 |
||
| 700 | _915693 | ||
| 700 | _915729 | ||
| 942 |
_2ddc _cEN _mPHI _h808.803556 |
||
| 999 |
_c42803 _d42803 |
||